Reglas prácticas acerca de la confesión, comunión y dirección de los niños y jóvenes
Gespeichert in:
| Format: | Buch |
|---|---|
| Sprache: | Spanisch |
| Veröffentlicht: |
Santiago
Imp. Ntra. Sra. de Lourdes
1905
|
| Ausgabe: | 1a. ed |
| Schlagworte: | |
| Tags: |
Tag hinzufügen
Keine Tags, Fügen Sie den ersten Tag hinzu!
|
MARC
| LEADER | 00000cam a2200000 a 4500 | ||
|---|---|---|---|
| 001 | UCD0857 | ||
| 003 | CL-VaPUC | ||
| 008 | 151218e19050000cl |||||||||||||||||spa|d | ||
| 082 | 0 | 4 | |a 234.166 |b REG |2 21 |
| 245 | 1 | 0 | |a Reglas prácticas acerca de la confesión, comunión y dirección de los niños y jóvenes |
| 250 | |a 1a. ed | ||
| 300 | |a 551 p | ||
| 942 | |c BK | ||
| 945 | |d 20151218 14:15:00 |a gsalatino | ||
| 260 | |a Santiago |b Imp. Ntra. Sra. de Lourdes |c 1905 | ||
| 650 | 7 | |a CONFESION |2 CL-VaPUC |9 314483 | |
| 650 | 0 | |a Sacramentos |9 257270 | |
| 650 | 0 | |a Sagrada Comunión |9 397959 | |
| 650 | 0 | |a Educación religiosa |9 308312 | |
| 583 | |a last modification |c 20151218 14:15:00 |k Rodrigo Vera | ||
| 999 | |c 362294 |d 362292 | ||
| 952 | |0 0 |1 0 |3 erb |4 0 |6 234_166000000000000_REG_1905 |7 0 |8 P |9 473355 |a BIBTEO |b BIBTES |c TEO_FTES |i 5274044 |o 234.166 REG 1905 |p 5274044 |r 2024-01-18 |w 2019-11-24 |y BK |z Catalogado en:20151218 |k ICR | ||